Governo Civil do Distrito de Faro - 175 anos de História (Registo nº 902)

Detalhes MARC
000 -Etiqueta do registo
Cabeçalho 00650nam0a2200253 4500
005 - Identificador da versão
Campo de controlo 20240813121818.0
021 ## - Número do Depósito Legal
Código do país PT
Número 296310/09
035 ## - Other System Control Numbers
System Control Number 0000964
System Control Number 0000949
100 ## - Dados gerais de processamento
Dados gerais de processamento 20091001d 2009m y0pory5003 ba
102 ## - Pais de publicação ou produção
País de publicação Portugal
101 0# - Língua de publicação
Língua do texto, banda sonora, etc. Português
Língua do documento no original Português
106 ## - Campo de dados codificados: material textual
Dados codificados do material textual r
105 ## - Campo de dados codificados: livros
Dados codificados dos livros a z 001yy
215 ## - Descrição física 
Indicação específica da natureza do documento e extensão da espécie 455 p.
200 1# - Titulo e menção de responsabilidade
Título próprio Governo Civil do Distrito de Faro - 175 anos de História
Informação de outro título 175 anos de História
Primeira menção de responsabilidade Neto Gomes
205 ## - Menção da edição
Menção da edição 1ª edição
210 ## - Publicação, Distribuição, etc. 
Lugar da edição, distribuição, etc. Faro
Nome do editor, distribuidor, etc. Governo Civil de Faro
Data da publicação, distribuição, etc. 2009
700 #1 - Nome de autor-pessoa física (responsabilidade principal)
Número de registo de entrada de autoridade 0001924
Palavra de ordem Gomes
Outra parte do nome não tomada para palavra de ordem Neto
966 ## - Identificação da Biblioteca
Sigla NUMETECA
942 ## - Elementos de entrada adicionados (Koha)
Tipo de item no Koha Livro
Exemplares
Situação do levantamento Origin of item (home branch) (coded) Biblioteca de empréstimo Código de barras Cota Circulation type (not for loan) Tipo de documento Nota do exemplar Damaged status
  Biblioteca Escolar Eng. Nuno Mergulhão Biblioteca Escolar Eng. Nuno Mergulhão BENM1630 | 2009 9PT NET   Livro Sem mensagem  
  Biblioteca Escolar Eng. Nuno Mergulhão Biblioteca Escolar Eng. Nuno Mergulhão BENM3259 | 2010 9PT NET   Livro Sem mensagem